University by State Quiz - Statistics

General Stats
  • This quiz has been taken 1,443 times
  • The average score is 16 of 21
Answer Stats
University State % Correct
Stanford California
94%
Columbia New York
93%
MIT Massachusetts
91%
Yale Connecticut
90%
Princeton New Jersey
87%
Duke North Carolina
85%
Northwestern Illinois
83%
Notre Dame Indiana
82%
Georgetown Washington D.C.
79%
Johns Hopkins Maryland
78%
Vanderbilt Tennessee
76%
Rice Texas
76%
Auburn Alabama
75%
Brown Rhode Island
74%
Tulane Louisiana
73%
Dartmouth New Hampshire
70%
William and Mary Virginia
69%
Carnegie Mellon Pennsylvania
64%
Emory Georgia
61%
Washington University Missouri
53%
Case Western Ohio
51%
No matching quizzes found
Score Distribution
Percent of People with Each Score
Percentile by Number Answered
Your Score History
You have not taken this quiz